| 000 | 00505nam a22001817a 4500 | ||
|---|---|---|---|
| 003 | CEME | ||
| 005 | 20210628202407.0 | ||
| 008 | 210127b xxu||||| |||| 00| 0 eng d | ||
| 020 | _a0-07-012188-5 | ||
| 040 | _c. | ||
| 082 | _a620.0042 BUR | ||
| 100 |
_aBurghardt, M. David _959745 |
||
| 245 | _aIntroduction to engineering design and problem solving | ||
| 260 |
_aBOSTON _bWCB MCGRAW HILL _c1999 |
||
| 300 | _a215P | ||
| 650 |
_aENGINEERING DESIGN. ENGINEERING MATHEMATICS _959746 |
||
| 942 |
_cBK _2ddc |
||
| 999 |
_c569647 _d569647 |
||